Loading...
| Current Events | 2 | 20.00 | 100% | 50% | 50% |
| Fine Arts - Classical Music | 4 | 10.00 | 100% | 0% | 0% |
| Fine Arts - Other | 4 | 17.50 | 100% | 50% | 25% |
| Fine Arts - Painting and Sculpture | 6 | 15.00 | 100% | 50% | 0% |
| Geography | 1 | 10.00 | 100% | 0% | 0% |
| History - American | 4 | 12.50 | 100% | 25% | 0% |
| History - European | 3 | 13.33 | 100% | 33% | 0% |
| History - Other | 5 | 14.00 | 100% | 40% | 0% |
| History - World | 6 | 10.00 | 83% | 17% | 0% |
| Literature - American | 6 | 16.67 | 100% | 67% | 0% |
| Literature - British | 2 | 15.00 | 100% | 50% | 0% |
| Literature - European | 7 | 14.29 | 100% | 29% | 14% |
| Literature - World | 5 | 16.00 | 100% | 60% | 0% |
| Mythology | 5 | 18.00 | 100% | 60% | 20% |
| Other Academic | 1 | 20.00 | 100% | 100% | 0% |
| Philosophy | 6 | 11.67 | 100% | 17% | 0% |
| Pop Culture | 1 | 20.00 | 100% | 100% | 0% |
| Religion | 7 | 15.71 | 100% | 43% | 14% |
| Science - Biology | 4 | 10.00 | 75% | 25% | 0% |
| Science - Chemistry | 3 | 10.00 | 67% | 33% | 0% |
| Science - Other | 4 | 12.50 | 100% | 25% | 0% |
| Science - Physics | 6 | 13.33 | 83% | 50% | 0% |
| Social Science | 5 | 10.00 | 80% | 20% | 0% |